00439nam a2200121Ia 4500003000400000005001700004008004100021040001800062041000800080100004700088245014500135260003700280OSt20260120154336.0211028s2014 xx 000 0 und d cAIMIT LIBRARY aeng aK S, Ravishankar; Kairana, Sneha.g1216100 aAnalysis on quality and quality and quantity of reading material and impact of advertisement published in the Daijiworld weekly on readers / aMangalorebSneha S Kairanac2014